00459nam a22001337a 4500008004100000040005500041080001500096100002000111245010500131260004800236300001000284650001500294653001600309230705b |||||||| |||| 00| 0 eng d aNational Science LibrarycNational Science Library a612.39bK8 aScrimshaw, N S  aInteractions of nutrition and infection c/ Organisation for Economics Co-operation and Development  aGeneva: bWorld Health Organization, c1968 a329p. aEconomics  aEmployment